000 00755nam a2200229Ia 4500
003 GCL
008 140319s9999 xx 000 0 ara d
040 _aGCL /
_cGCL
082 0 4 _aق
_b932.096
_bل م
100 1 _aلويس، نافتالى
245 1 0 _aمصر الرومانيه الحياة فى مصر تحت حكم الرومان /
_cلويس، نافتالى
700 1 _aفوزى مكاوى (مترجم)
260 _a[S.N] :
_bالهيئة المصرية العامة للكتاب ،
_c1994
300 _a250 ص
490 _aالالف كتاب الثانى
_v0
650 0 4 _aمصر
650 0 4 _aتاريخ
650 0 4 _aالاحوال الاجتماعية
650 0 4 _aالتجارة
650 0 4 _aالسكان
942 _2ddc
_cBK
999 _c28195
_d28195